Декоративните костенурки (Запис номер 98710)
[ съкратено ]
| 000 -Лидер | |
|---|---|
| Контролно поле с фиксирана дължина | 01581nam a2200373 c 4500 |
| 003 - Код на организацията, давaща контролен номер | |
| Контролно поле | BLK |
| 005 - Дата и час на последна редакция | |
| Контролно поле | 20240914140731.0 |
| 008 - Елементи от данни с фиксирана дължина | |
| fixed length control field | 180409b bul|||||r ||||||| ||bul|| |
| 010 ## - Наследен системен номер | |
| LC control number | KNG00103659000 |
| 020 ## - Международен стандартен номер на книга ISBN | |
| Международен стандартен номер на книга ISBN | 954-9550-51-6 |
| -- | издат.: Гея-Либрис |
| 040 ## - Източник на каталожния запис | |
| Идентификатор на билиотеката - собственик на записа | BLK |
| 041 ## - Код за език | |
| Код за езика на текст/звукозапис или на отделно заглавие | Български |
| Код за езика КДБФ | Български |
| 080 ## - УДК | |
| Текстов определител УДК | Други влечуги. Костенурки |
| УДК код - определител по УДК | 639.15 |
| УДК определител | (035) |
| УДК - код + определител | 639.15(035) |
| 100 1# - Редна дума - Автор | |
| Автор | Прашаг, Райнер |
| Авторска отговорност | първи автор |
| R(LIN) | 112870 |
| 139 ## - Редно поле | |
| Редна дума | Прашаг, Райнер |
| Авторски знак | Правилн - П 84 |
| 245 10 - Сведения за заглавието | |
| Заглавие | Декоративните костенурки |
| Редно поле (дума) | Райнер Прашаг; прев. от нем. Елена Додова; худож. Зигфрид Локау. |
| 257 ## - Страна на издаване | |
| Страна на създаване/издаване | Германия |
| 260 ## - Област на издателските данни | |
| -- | София |
| Име на издателя, разпространителя и проч. | Гея-Либрис |
| Година на издаване | 2001 |
| Печатница | София : Образование и наука |
| 300 ## - Физическа характеристика | |
| Страници | 48 с. |
| Илюстрации и др. | с ил. |
| Размери/Мащаб | 23 см |
| 380 ## - Жанр | |
| Жанр | Селско стопанство |
| 490 1# - СЕРИИ (Колекции) | |
| Име на серия | Домашни любимци |
| 500 ## - Общи забележки | |
| Забележка | Ориг. загл. Schmuckschildkroten / Reiner Praschag. - Авт. не е отбелязан на кор. - Офс. изд. - Предм. показалец |
| 650 #4 - Допълнително описание по предмет – тема | |
| Основно описание – тема или топоним | Костенурки - отглеждане |
| 9 (RLIN) | 159565 |
| 653 ## - Ключова дума – ненормативна | |
| Ключова дума | костенурки |
| 653 ## - Ключова дума – ненормативна | |
| Ключова дума | отглеждане |
| 700 1# - Други автори (авторска отговорност) | |
| Лично име | Додова, Елена |
| Автороска отговорност (Описва отношението между автора и произведението) | прев. от нем. |
| 9 (RLIN) | 307741 |
| 700 1# - Други автори (авторска отговорност) | |
| Лично име | Локау, Зигфрид |
| Автороска отговорност (Описва отношението между автора и произведението) | худож. |
| 9 (RLIN) | 89460 |
| 852 ## - Местоположение | |
| Форматна сигнатура | Цб 213048 |
| 856 4# - Електронен адрес и достъп | |
| Електронен формат | pdf - файл |
| Път до файла /url/ | |
| 856 4# - Електронен адрес и достъп | |
| Електронен формат | pdf - файл |
| Път до файла /url/ | |
| 942 ## - АРТИКУЛИ | |
| Вид на библиотечния материал | Книги |
| Скрит в OPAC | Не |
| Koha issues (borrowed), all copies | 7 |
| 944 ## - СЪЗДАВАНЕ И РЕДАКЦИЯ на ЗАПИСА | |
| Създаване/Редакция | Създаване |
| Дата на регистрацията/редакция | 01.01.2001 |
| Служител, извършил регистрацията/редакцията | 30551 |
| Статус, дата на статуса | Бояна Костадинова |
| 944 ## - СЪЗДАВАНЕ И РЕДАКЦИЯ на ЗАПИСА | |
| Създаване/Редакция | Редакция |
| Дата на регистрацията/редакция | 29.10.2008 |
| Служител, извършил регистрацията/редакцията | |
| 999 ## - СИСТЕМНИ КОНТРОЛНИ НОМЕРА | |
| Koha biblionumber | 98710 |
| Koha biblioitemnumber | 98710 |
| Код за отписване | Код за изгубен артикул | Код за повреда | Коз за рестрикции | Код за отдаване | Артикулен № | Име на библиотеката - собственик | Име на библиотеката, в която се намира в момента | Статус (Текущо местоположение) | Дата на вписване в системата | Местоположение - отдел | Цена в лева | Инвентарен номер | Систематично азбучна сигнатура | Баркод | Номер на екземпляра | Цена в евро | Служебна бележка | Служебен тип на артикула | Източник на класификационната схема |
|---|---|---|---|---|---|---|---|---|---|---|---|---|---|---|---|---|---|---|---|
| Не е изгубен | Не е повреден | без рестрикции | ползва се в читалня | 158754 | Регионална библиотека "Любен Каравелов" Русе | Регионална библиотека "Любен Каравелов" Русе | Хранилище | 2002-11-08 | Хранилище | 5.40 | 120000673194 | Цб 213048 | 120000673194 | 1 | 2.76 | Дост: Dp Вид: Д N: 12 Дата: 12.03.2002 | Книги | ||
| Не е изгубен | Не е повреден | без рестрикции | заемане за дома | 158755 | Регионална библиотека "Любен Каравелов" Русе | Регионална библиотека "Любен Каравелов" Русе | Детски отдел | 2002-12-05 | Детски отдел | 5.40 | 120000673664 | ДН 636/639/П 84 | 120000673664 | 2 | 2.76 | Дост: Pk Вид: Ф N: 44 Дата: 04.12.2002 Дата инв: 20.08.2015 Бележки инв: Д2015 | Книги | Universal Decimal Classification | |
| Не е изгубен | Не е повреден | без рестрикции | заемане за дома | 158756 | Регионална библиотека "Любен Каравелов" Русе | Регионална библиотека "Любен Каравелов" Русе | Детски отдел | 2008-10-16 | Детски отдел | 5.40 | 120000730567 | ДН 636/639/П 84 | 120000730567 | 3 | 2.76 | Дост: Pk Вид: Ф N: 8704 Дата: 14.10.2008 Дата инв: 20.08.2015 Бележки инв: Д2015 | Книги | ||
| Не е изгубен | Не е повреден | без рестрикции | заемане за дома | 158757 | Регионална библиотека "Любен Каравелов" Русе | Регионална библиотека "Любен Каравелов" Русе | Детски отдел | 2008-10-16 | Детски отдел | 5.40 | 120000730568 | ДН 636/639/П 84 | 120000730568 | 4 | 2.76 | Дост: Pk Вид: Ф N: 8704 Дата: 14.10.2008 Дата инв: 20.08.2015 Бележки инв: Д2015 | Книги | ||
| Не е изгубен | Не е повреден | без рестрикции | заемане за дома | 158758 | Регионална библиотека "Любен Каравелов" Русе | Регионална библиотека "Любен Каравелов" Русе | Детски отдел | 2008-10-16 | Детски отдел | 5.40 | 120000730569 | ДН 636/639/П 84 | 120000730569 | 5 | 2.76 | Дост: Pk Вид: Ф N: 8704 Дата: 14.10.2008 Дата инв: 20.08.2015 Бележки инв: Д2015 | Книги | ||
| Не е изгубен | Не е повреден | без рестрикции | заемане за дома | 158759 | Регионална библиотека "Любен Каравелов" Русе | Регионална библиотека "Любен Каравелов" Русе | Детски отдел | 2008-10-16 | Детски отдел | 5.40 | 120000730570 | ДН 636/639/П 84 | 120000730570 | 6 | 2.76 | Дост: Pk Вид: Ф N: 8704 Дата: 14.10.2008 Дата инв: 20.08.2015 Бележки инв: Д2015 | Книги |